| 000 | 00000nas 2200000za 4500 |
| 001 | 9.506177 |
| 003 | CaOODSP |
| 005 | 20200325102247 |
| 007 | cr ||||||||||| |
| 008 | 150406d20022003xxc|| m o||||f| |0eng|d |
| 040 | |aCaOODSP|beng |
| 043 | |an-cn--- |
| 086 | 1 |aBT31-2/2003-IIIE-PDF |
| 110 | 1 |aCanada. |bTreasury Board. |
| 245 | 10|a2002-2003 estimates. Part III, Report on plans and priorities |h[electronic resource] |
| 260 | |aOttawa - Ontario : |bTreasury Board of Canada Secretariat |cc2002. |
| 690 | 07|aEstimates|2gcpds |
| 775 | 08|tBudget des dépenses 2002-2003. Partie III, Rapport sur les plans et les priorités |w(CaOODSP)9.502578 |
| 776 | 0#|t2002-2003 estimates, part III: report on plans and priorities |w(CaOODSP)9.508968 |
| 776 | 0#|tBudget des dépenses 2002-2003, partie III: rapport sur les plans et les priorités |w(CaOODSP)9.508969 |